Basic calculus with applications / (Record no. 181012)
[ view plain ]
| 000 -LEADER | |
|---|---|
| fixed length control field | 00803 a2200193 4500 |
| 003 - CONTROL NUMBER IDENTIFIER | |
| control field | Nust |
| 005 - DATE AND TIME OF LATEST TRANSACTION | |
| control field | 20230706132029.0 |
| 010 ## - LIBRARY OF CONGRESS CONTROL NUMBER | |
| LC control number | 77016093 |
| 020 ## - INTERNATIONAL STANDARD BOOK NUMBER | |
| International Standard Book Number | 0876200978 |
| 040 ## - CATALOGING SOURCE | |
| Transcribing agency | Nust |
| 082 00 - DEWEY DECIMAL CLASSIFICATION NUMBER | |
| Classification number | 515,ROD |
| 100 1# - MAIN ENTRY--PERSONAL NAME | |
| Personal name | Rodin, Burton. |
| 9 (RLIN) | 113430 |
| 245 10 - TITLE STATEMENT | |
| Title | Basic calculus with applications / |
| Statement of responsibility, etc. | Burton Rodin. |
| 260 ## - PUBLICATION, DISTRIBUTION, ETC. | |
| Place of publication, distribution, etc. | Santa Monica, Calif. : |
| Name of publisher, distributor, etc. | Goodyear Pub. Co., |
| Date of publication, distribution, etc. | c1978. |
| 300 ## - PHYSICAL DESCRIPTION | |
| Extent | viii, 424 p. : |
| Other physical details | ill. ; |
| Dimensions | 24 cm. |
| 505 ## - FORMATTED CONTENTS NOTE | |
| Formatted contents note | Functions and Graphs (Page-1), Differentiation (Page-53), Applications of Differentiation (Page-95), Further Techniques of Differentiation (Page-137), Exponential and Logarithmic Functions (Page-169), Integration (Page-215), Functions of Several Variables (Page-267), Differential Equations (Page-319). |
| 650 #0 - SUBJECT ADDED ENTRY--TOPICAL TERM | |
| Topical term or geographic name entry element | Calculus. |
| 942 ## - ADDED ENTRY ELEMENTS (KOHA) | |
| Source of classification or shelving scheme | |
| Koha item type | Book |
| Call number prefix | 515,ROD |
| Withdrawn status | Lost status | Source of classification or shelving scheme | Damaged status | Not for loan | Permanent Location | Current Location | Shelving location | Date acquired | Full call number | Barcode | Date last seen | Price effective from | Koha item type | Public note |
|---|---|---|---|---|---|---|---|---|---|---|---|---|---|---|
| Military College of Signals (MCS) | Military College of Signals (MCS) | General Stacks | 12/12/2016 | 515,ROD | MCS7176 | 12/08/2016 | 12/12/2016 | Book | Almirah No.82, Shelf No.4 |
